000 00561nam a2200169Ia 4500
008 180921t2018 xxu||||| |||| 00| 0 sin d
041 _asin
080 _ax92
_bමිහිඳු
100 _aමිහිඳුකුලසූරිය, යූ.කේ.එස්
245 _aරජයේ සේවයේ සොඳුරු භූමිකා
246 _aRajaye sewaye sonduru bhumika
260 _bකතෘ
_aකඩුවෙල
_c2018
300 _bපි.130, සෙ.මී.21
942 _cBK
999 _c6967
_d6967
003 LK-CoDNM
040 _aLK-CoDNM
_dLK-CoDNM
_eLK-CoDNM